LEADER 01077nam a2200289 i 4500 001 000000152024 003 CaOOAMICUS 005 20060720000000.0 008 060720s1989 it u000 u ita u 013 $a129365 020 $a88-06-11456-5 040 $aSeMil$bita 100 1 $aGarboli, Cesare,$d<1928-2004>.$0(OLS)http://semarc/name/15493 245 10$aScritti servili /$cCesare Garboli. 260 $aTorino :$bEinaudi,$ccopyr. 1989. 300 $aX, 223 p. :$b[1] c. di tav. ;$c17 cm. 490 0 $aSaggi brevi ;$v5 500 $aFondo Ciprandi. 650 4$aLetteratura italiana - Sec. 20.$0(OLS)http://semarc/subject/1259 830 0$aSaggi brevi ;$v5.$0(OLS)http://semarc/title/10377 850 $aSeMil 852 $aSeMil$W1$xVenegono$y1$m1W I 356$j103985$B103985$CSeMilBibl$Z2$F113071 $81 941 1 $a1 961 $aOmaggio: Ciprandi dott. Paolo 996 $6020$a88-06-11456-5$9(OLS)http://semarc/number/141649 996 $6245$aScritti servili$9(OLS)http://semarc/title/222207 996 $6260$aTorino :$bEinaudi$9(OLS)http://semarc/publisher/29884 LEADER 01030nam a2200253 i 4500 001 000000197047 003 CaOOAMICUS 005 20140711000000.0 008 140711s1955 it u000 u ita u 013 $a175732 040 $aSeMil$bita 100 1 $aGallois, Geneviève .$0(OLS)http://semarc/name/55728 245 13$aLa vita del piccolo s. Placido /$cdi Genoveffa Gallois ; prefazione di M. Auclair. 260 $aTortona :$bEdizioni Christus,$cimprim. 1955. 300 $a266 p. :$bill. ;$c18 cm. 500 $aFondo card. Giovanni Colombo. 600 04$aPlacido .$0(OLS)http://semarc/subject/26953 700 1 $aAuclair, Marcelle.$0(OLS)http://semarc/name/31230 850 $aSeMil 852 $aSeMil$W1$xVenegono$y1$m3GC II 89$j147606$B147606$CSeMilBibl$Z2$F159101 $8B 941 1 $a3 961 $aLascito: Colombo Card. Giovanni 996 $6245$aLa vita del piccolo s. Placido$9(OLS)http://semarc/title/284483 996 $6260$aTortona :$bEdizioni Christus$9(OLS)http://semarc/publisher/40824